| 000 | 01125nam a2200289 i 4500 | ||
|---|---|---|---|
| 001 | 105347 | ||
| 003 | ES-MaACL | ||
| 005 | 20231222172312.0 | ||
| 007 | t| | ||
| 008 | 060627s1968 sp ||||1| spa d | ||
| 080 | _a75 Ewes, Mohamed (083.824) | ||
| 100 | 1 |
_aEwes, Mohamed. _948418 |
|
| 245 | 1 | 0 |
_aMohamed Ewes _b: [exposición, Sala de Santa Catalina del Ateneo de Madrid, diciembre de 1968] / _c[texto: Carlos Areán]. |
| 260 |
_a[Madrid] : _bPublicaciones Españolas, _c[1968] |
||
| 300 |
_a[16] p. : _bil. ; _c23 cm. |
||
| 490 | 1 |
_aCuadernos de arte. Serie divulgación ; _v120 |
|
| 500 | _aTexto en español y árabe. | ||
| 600 | 1 | 4 |
_aEwes, Mohamed- _vExposiciones. _948419 |
| 610 | 2 | 7 |
_aAteneo de Madrid- _vExposiciones- _y1960-1969. _91920 |
| 655 | 7 |
_2tgfbne _9193628 _aCatálogos de exposiciones |
|
| 700 | 1 |
_aAreán, Carlos, _d1921-1996 _922562 |
|
| 710 | 2 |
_aAteneo de Madrid. _bSala de Santa Catalina. _91964 |
|
| 830 | 0 |
_aCuadernos de arte. Serie divulgación ; _v120 _9184876 |
|
| 852 |
_aES-MaACL _j2205-F-38 _9109290 _bR.137781 _cDEPOF |
||
| 942 |
_2udc _cFOLLETOS |
||
| 999 |
_c105347 _d105347 |
||